Statistics for Horror Movie Remakes

Click here to take the quiz!

General Stats

  • This quiz has been taken 27 times
  • The average score is 14 of 40

Answer Stats

HintAnswer% Correct
2009Friday the 13th
90%
2007Halloween
90%
2010A Nightmare on Elm Street
86%
2003Texas Chainsaw Massacre
81%
2011The Thing
62%
2017It
57%
2004Dawn of the Dead
52%
2003The Ring
52%
2019Childs Play
48%
2013Evil Dead
48%
2004The Grudge
43%
2022Hellraiser
38%
1998Psycho
38%
2013Carrie
33%
2008Prom Night
33%
2010The Wolfman
33%
2006Black Christmas
29%
2021Candyman
29%
2019Pet Sematary
29%
2015Poltergeist
29%
2005The Amityville Horror
29%
2020The Invisible Man
29%
2016Cabin Fever
24%
2010Let Me In
24%
2008One Missed Call
24%
1999The Haunting
24%
2006The Wicker Man
24%
2020Children of the Corn
19%
2017Flatliners
19%
2010Fright Night
19%
2005House of Wax
19%
2010The Crazies
19%
2005The Fog
19%
1992Bram Stokers Dracula
14%
2022Firestarter
14%
2009My Bloody Valentine 3D
14%
2008Quarantine
14%
2009The Uninvited
14%
2010Piranha 3D
10%
2012Silent Night
5%

Score Distribution

Percentile by Number Answered

Percent of People with Each Score

Your Score History

You have not taken this quiz